[Event "NOR-ch 2018"]
[Site "Moss"]
[Date "2018.07.09"]
[Round "4"]
[White "Tari, Aryan"]
[Black "Christiansen, Johan-Sebastian"]
[Result "1/2-1/2"]
[WhiteElo "2615"]
[BlackElo "2506"]
[Annotator "TA"]
[PlyCount "33"]
[EventDate "2018.07.06"]
[EventCountry "NOR"]
[SourceTitle "playchess.com"]
[Source "ChessBase"]
[SourceQuality "1"]

{[%evp 17,33,0,20,0,-16,-19,-1,-13,20,12,0,0,4,15,11,0,1,0]} 1. Nf3 d5 2. d4 Nf6 3. c4 e6 4. Nc3 dxc4 5. e4 Bb4 6. Bxc4 {D24: Angenommenes Damengambit} Nxe4 7. O-O Nxc3 8. bxc3 Bd6 9. Qe2 O-O {LiveBook: 5 Partien. Die Stellung ist ausgeglichen.} 10. Rd1 Nd7 11. Rd3 Qe7 $146 ({Vorgänger:} 11... Nf6 12. Bg5 Be7 13. Ne5 Bd7 {1-0 (34) Mamedyarov,S (2763)-Movsesian,S (2721) Moscow 2010}) 12. Bg5 f6 {[#] Weiss muss nun ...Sb6 beachten.} 13. Qxe6+ Qxe6 14. Bxe6+ Kh8 15. Be3 Nb6 16. Bb3 Bf5 17. Rdd1 1/2-1/2

[Event "NOR-ch 2018"]
[Site "Moss"]
[Date "2018.07.09"]
[Round "4"]
[White "Urkedal, Frode Olav Olsen"]
[Black "Gronn, Atle"]
[Result "1-0"]
[WhiteElo "2552"]
[BlackElo "2352"]
[Annotator "TA"]
[PlyCount "63"]
[EventDate "2018.07.06"]
[EventCountry "NOR"]
[SourceTitle "playchess.com"]
[Source "ChessBase"]
[SourceQuality "1"]

{[%evp 17,62,27,32,29,41,10,40,15,33,0,61,62,87,90,93,82,94,89,104,98,98,98,102,4,98,98,98,100,142,92,98,58,706,708,696,697,631,675,801,801,29996,29997,29997,29998,29998,29999,29999]} 1. d4 g6 2. e4 Bg7 3. Nf3 d6 4. Bc4 Nf6 5. Qe2 O-O 6. O-O c6 7. Bb3 a5 8. a4 Qc7 {B06: Moderne Verteidigung} (8... e6 9. e5 Nd5 10. exd6 Qxd6 11. Na3 Qc7 12. Re1 Nd7 13. Qe4 h6 14. c3 N7f6 15. Qh4 g5 16. Bxg5 hxg5 17. Nxg5 {1-0 (61) Carlsen,M (2851)-Petrosian,T (2611) chess.com INT 2016}) 9. e5 dxe5 {LiveBook: 3 Partien} 10. dxe5 Nd5 {Weiß hat minimalen Vorteil.} 11. Re1 Na6 12. Qc4 $146 ({Vorgänger:} 12. c3 Nc5 13. Bc2 b6 14. c4 Nb4 15. Nh4 Nxc2 16. Qxc2 Bxe5 {½-½ (39) Kungurov,A-Sadykov,M (2060) Kazan 2012}) 12... Bf5 13. Nc3 Rad8 ({Günstiger ist} 13... Nxc3 $11 14. bxc3 Be6) 14. Qh4 $14 Nc5 15. Bxd5 $1 cxd5 16. Nb5 Qd7 {[#]} 17. Bh6 $1 Ne6 18. Nbd4 Nxd4 19. Nxd4 Rc8 20. Re3 (20. c3 $16) 20... Rc4 {[#]} (20... Bxc2 $11 21. e6 (21. Bxg7 Kxg7 22. e6 Qd6 $14) 21... Qd6) 21. Bxg7 $1 $16 Kxg7 22. b3 Rc7 23. Rae1 {Droht stark e6.} Be6 24. f4 Rfc8 $2 {[%mdl 8192] [#]} (24... Qc8 $14) 25. f5 $1 $18 {[%mdl 512]} Bxf5 26. e6 Bxe6 27. Rxe6 ({Schwächer ist} 27. Nxe6+ fxe6 28. Rh3 (28. Rxe6 Re8 $11) 28... h5 $11) 27... fxe6 28. Nxe6+ Kf7 29. Qxh7+ {Weiß setzt Matt.} Kf6 30. Qg7+ Kf5 31. Qe5+ Kg4 32. Qg5# {Precision: Weiß = 57%, Schwarz = 25%.} 1-0

[Event "NOR-ch 2018"]
[Site "Moss"]
[Date "2018.07.09"]
[Round "4"]
[White "Notkevich, Benjamin Arvola"]
[Black "Agdestein, Simen"]
[Result "0-1"]
[WhiteElo "2471"]
[BlackElo "2581"]
[Annotator "TA"]
[PlyCount "54"]
[EventDate "2018.07.06"]
[EventCountry "NOR"]
[SourceTitle "playchess.com"]
[Source "ChessBase"]
[SourceQuality "1"]

{[%evp 24,54,4,6,18,0,7,0,22,3,40,39,55,53,90,98,90,20,51,19,38,10,11,12,18,-201,-195,-29993,-29994,-29994,-29995,-29995,-29996]} 1. d4 Nf6 2. c4 e6 3. Nf3 d5 4. Nc3 Be7 5. Bg5 O-O 6. e3 h6 7. Bh4 Ne4 8. Bxe7 Qxe7 9. cxd5 Nxc3 10. bxc3 exd5 11. Bd3 c5 {D57: Queen's Gambit Declined: Lasker Defence: Main line (9 cxd5)} 12. O-O Nc6 13. Re1 {LiveBook: 7 Games} Qd6 {The position is equal.} (13... Rd8 14. e4 dxe4 15. Bxe4 Qf6 16. d5 Ne7 17. c4 Bg4 18. Qb3 Bxf3 19. Bxf3 {1-0 (49) Nakamura,H (2779)-Caruana,F (2823) Saint Louis 2016}) 14. Rb1 Rd8 15. Qe2 Rb8 16. e4 {exd5 is the strong threat.} dxe4 17. Qxe4 {White threatens Qh7+ and mate.} g6 {[%cal Rc5d4]} 18. Qh4 $1 {[%cal Rh4h6]} Kg7 {[%cal Rc5d4] [#]} 19. d5 $1 {[%cal Rd5c6] [#]} Na5 $146 20. Ne5 (20. Re5 $16) 20... Qf6 $1 $11 {[%cal Rf6h4]} 21. Qg3 {aiming for Nxf7!} (21. Qa4 $5 {[%cal Ra4a5]} Rxd5 22. Qxa5 Rxe5 23. Qc7 Rxe1+ 24. Rxe1 Qxc3 25. Re3 $16) 21... Qg5 $1 {[%cal Rg5g3]} 22. Rb5 b6 23. Rxa5 bxa5 24. Nc6 $2 {[#]} (24. Qxg5 $1 $11 {and White is okay.} hxg5 25. Nc6) 24... Re8 $1 $19 {[%cal Re8e1][%mdl 512]} 25. Rxe8 $2 {[#]} (25. Ra1 $19 Rb2 26. Qxg5 hxg5 27. Nxa5) 25... Rb1+ $3 {[%mdl 512] Black mates.} 26. Bf1 {[#]} (26. Bxb1 Qc1+) 26... Rxf1+ $1 {[%mdl 512]} 27. Kxf1 Ba6+ {Precision: White = 25%, Black = 81%.} 0-1

[Event "NOR-ch 2018"]
[Site "Moss"]
[Date "2018.07.09"]
[Round "4"]
[White "Ostenstad, Berge"]
[Black "Holm, Kristian Stuvik"]
[Result "0-1"]
[WhiteElo "2447"]
[BlackElo "2453"]
[Annotator "ChessBase"]
[PlyCount "58"]
[EventDate "2018.07.06"]
[EventCountry "NOR"]
[SourceTitle "playchess.com"]
[Source "ChessBase"]
[SourceQuality "1"]

1. d4 Nf6 2. Nf3 d5 3. c4 e6 4. Bg5 dxc4 5. Nc3 c6 6. e4 b5 7. e5 h6 8. Bh4 g5 9. Nxg5 hxg5 10. Bxg5 Nbd7 11. g3 Qb6 12. exf6 Bb7 13. Bg2 c5 14. d5 O-O-O 15. O-O b4 16. Na4 Qb5 17. a3 Nb8 18. axb4 cxb4 19. Qg4 Bxd5 20. Rfc1 Nc6 21. Bxd5 Rxd5 22. Bf4 Kb7 23. Qe2 Na5 24. b3 c3 25. Qa2 Nc6 26. Be3 Bd6 27. Bxa7 Rd2 28. Rc2 Rxc2 29. Qxc2 Nxa7 0-1

[Event "NOR-ch 2018"]
[Site "Moss"]
[Date "2018.07.09"]
[Round "4"]
[White "Hauge, Lars Oskar"]
[Black "Djurhuus, Rune"]
[Result "1-0"]
[WhiteElo "2434"]
[BlackElo "2438"]
[Annotator "ChessBase"]
[PlyCount "95"]
[EventDate "2018.07.06"]
[EventCountry "NOR"]
[SourceTitle "playchess.com"]
[Source "ChessBase"]
[SourceQuality "1"]

1. e4 c5 2. Nf3 Nc6 3. b4 Nxb4 4. c3 Nc6 5. d4 cxd4 6. cxd4 e6 7. Bd3 Bb4+ 8. Bd2 Bxd2+ 9. Qxd2 d5 10. e5 f5 11. Nc3 a6 12. O-O Nge7 13. Rfc1 O-O 14. Na4 b6 15. Rab1 Rb8 16. Rb2 h6 17. Rcb1 b5 18. Nc5 Ra8 19. a4 b4 20. Rc1 Qb6 21. Bf1 Rb8 22. Ne1 Na5 23. Nc2 Nec6 24. Na1 Rd8 25. Qe3 Nc4 26. Bxc4 dxc4 27. Rxc4 Na5 28. Rc1 Bb7 29. Qf4 Bd5 30. Nc2 b3 31. Ne3 Rbc8 32. h4 Ba8 33. Rd1 Rb8 34. Qg3 Qc6 35. Qg6 Rb6 36. Rc1 f4 37. Nd3 Qe4 38. Qxe4 Bxe4 39. Nxf4 Rxd4 40. Rc8+ Kh7 41. Rc7 Rb7 42. Nxe6 Rxa4 43. Nf8+ Kg8 44. Rc8 Kf7 45. f3 Ra2 46. e6+ Ke7 47. fxe4 Rxb2 48. e5 1-0

[Event "NOR-ch 2018"]
[Site "Moss"]
[Date "2018.07.09"]
[Round "4"]
[White "Haldorsen, Benjamin"]
[Black "Hammer, Jon Ludvig"]
[Result "1/2-1/2"]
[WhiteElo "2423"]
[BlackElo "2631"]
[Annotator "TA"]
[PlyCount "50"]
[EventDate "2018.07.06"]
[EventCountry "NOR"]
[SourceTitle "playchess.com"]
[Source "ChessBase"]
[SourceQuality "1"]

{[%evp 20,50,24,29,23,27,18,18,29,10,0,0,15,0,0,0,0,0,0,0,0,0,0,0,0,0,0,0,0,0,0,0,0]} 1. e4 c6 2. d4 d5 3. e5 Bf5 4. Nf3 e6 5. Be2 Ne7 6. O-O h6 7. Nbd2 {B12: Caro-Kann: Advance Variation} Nd7 8. Nb3 Qc7 (8... Bg6 9. a4 a5 10. c3 Nf5 11. Ne1 Be7 12. Nd3 O-O 13. f4 b6 14. g4 Nh4 {1-0 (41) Rodshtein,M (2678)-Riazantsev,A (2662) Sochi 2018}) 9. Bd2 g5 10. Rc1 a5 11. a4 {LiveBook: 15 Games} Bg7 12. Ne1 O-O 13. Nd3 Ng6 14. f4 $146 (14. Bg4 {is interesting.} Bxg4 15. Qxg4 c5 16. Nbxc5 Nxc5 17. Nxc5 Nxe5 18. Nxe6 fxe6 19. dxe5 Qxe5 20. Rce1) ({Predecessor:} 14. Bg4) 14... Bxd3 {The position is equal.} 15. Bxd3 Nxf4 16. Bxf4 gxf4 17. Rxf4 c5 {And now ...c4 would win.} 18. Rg4 $1 (18. Qg4 $2 cxd4 19. Qg3 Nxe5 $17) 18... f5 19. exf6 Nxf6 20. Nxc5 Nxg4 21. Qxg4 Qf4 {[#]} 22. Qxg7+ $1 {[%mdl 512]} Kxg7 23. Nxe6+ Kg8 24. Nxf4 Rxf4 25. c3 Re8 1/2-1/2

[Event "NOR-ch 2018"]
[Site "Moss"]
[Date "2018.07.09"]
[Round "4"]
[White "Kaasen, Tor Fredrik"]
[Black "Johannessen, Leif Erlend"]
[Result "1/2-1/2"]
[WhiteElo "2396"]
[BlackElo "2462"]
[Annotator "RC"]
[PlyCount "42"]
[EventDate "2018.07.06"]
[EventCountry "NOR"]
[SourceTitle "playchess.com"]
[Source "ChessBase"]
[SourceQuality "1"]

1. Nf3 Nf6 2. c4 e6 3. g3 d5 4. d4 Bb4+ 5. Nbd2 O-O 6. Bg2 b6 7. O-O Bb7 8. a3 Be7 9. cxd5 exd5 10. b3 Re8 11. Bb2 Bd6 12. Ne5 c5 13. Nd3 Nbd7 14. Re1 Rc8 15. Rb1 Qe7 16. e3 cxd4 17. exd4 Qf8 18. Rxe8 Qxe8 19. Nf3 Ne4 20. Rc1 Rxc1 21. Qxc1 Nf8 1/2-1/2

[Event "NOR-ch 2018"]
[Site "Moss"]
[Date "2018.07.09"]
[Round "4"]
[White "Hole, Oystein"]
[Black "Haug, Johannes"]
[Result "0-1"]
[WhiteElo "2324"]
[BlackElo "2403"]
[Annotator "ChessBase"]
[PlyCount "62"]
[EventDate "2018.07.06"]
[EventCountry "NOR"]
[SourceTitle "playchess.com"]
[Source "ChessBase"]
[SourceQuality "1"]

1. Nf3 d5 2. d4 Nf6 3. c4 e6 4. Nc3 Bb4 5. e3 O-O 6. a3 Bxc3+ 7. bxc3 c5 8. Be2 Qc7 9. dxc5 dxc4 10. Qd4 Nbd7 11. a4 Nxc5 12. Bxc4 Bd7 13. Ba3 Rac8 14. O-O Rfd8 15. Qe5 Nxa4 16. Be7 Qxc4 17. Bxf6 gxf6 18. Qxf6 Qg4 19. Ne5 Qg7 20. Nxd7 Nxc3 21. Qxg7+ Kxg7 22. Ne5 Rc5 23. Nf3 a5 24. Nd4 a4 25. f4 b5 26. Rf2 b4 27. Rb2 b3 28. Kf2 Rc4 29. Kf3 Rdxd4 30. exd4 Nb5 31. Ke3 Rb4 0-1

[Event "NOR-ch 2018"]
[Site "Moss"]
[Date "2018.07.09"]
[Round "4"]
[White "Fossan, Petter"]
[Black "Martinsen, Stig K"]
[Result "0-1"]
[WhiteElo "2321"]
[BlackElo "2189"]
[Annotator "ChessBase"]
[PlyCount "182"]
[EventDate "2018.07.06"]
[EventCountry "NOR"]
[SourceTitle "playchess.com"]
[Source "ChessBase"]
[SourceQuality "1"]

1. e4 c5 2. Nf3 Nc6 3. d4 cxd4 4. Nxd4 Qb6 5. Nb3 Nf6 6. Nc3 e6 7. Bd3 Be7 8. O-O d6 9. a4 O-O 10. a5 Qc7 11. Bg5 Rd8 12. f4 a6 13. Qe2 h6 14. Bh4 d5 15. e5 Ne4 16. Nxe4 Bxh4 17. Nf6+ Bxf6 18. exf6 gxf6 19. Qh5 Kf8 20. Qxh6+ Ke7 21. Qg7 Rf8 22. g4 Bd7 23. Bg6 Qd8 24. g5 Kd6 25. Bh7 f5 26. c4 Kc7 27. cxd5 exd5 28. Rfe1 Kb8 29. Rac1 Ka7 30. Qc3 Rc8 31. Qd3 Nxa5 32. Nxa5 Qxa5 33. Bxf5 Qb6+ 34. Kh1 Rxc1 35. Rxc1 Bxf5 36. Qxf5 Qxb2 37. Rb1 Qd2 38. Qd7 Rb8 39. h4 Qxf4 40. Qxd5 Qxh4+ 41. Kg2 Qg4+ 42. Kf2 Qf4+ 43. Kg2 f6 44. g6 Qg4+ 45. Kf2 Qxg6 46. Rxb7+ Rxb7 47. Qd4+ Ka8 48. Qd8+ Rb8 49. Qd5+ Ka7 50. Qd7+ Kb6 51. Qd6+ Kb7 52. Qd7+ Kb6 53. Qd6+ Ka5 54. Qa3+ Kb5 55. Qb3+ Kc5 56. Qxb8 Qf5+ 57. Kg2 a5 58. Qc7+ Kd4 59. Qb6+ Ke4 60. Qb1+ Kf4 61. Qc1+ Kg4 62. Qc4+ Kh5 63. Kh2 Kh6 64. Kg2 Qe5 65. Kh1 Qa1+ 66. Kg2 Qb2+ 67. Kh3 Qa3+ 68. Kg2 Qb4 69. Qg8 Qb7+ 70. Kh2 Qc7+ 71. Kh1 Qc6+ 72. Kh2 a4 73. Qh8+ Kg6 74. Qg8+ Kf5 75. Qh7+ Ke5 76. Qh5+ f5 77. Qe2+ Qe4 78. Qb5+ Kf4 79. Qf1+ Kg5 80. Qa1 Qc2+ 81. Kh3 Qd3+ 82. Kh2 a3 83. Qg7+ Kf4 84. Qc7+ Ke3 85. Qe5+ Kf2 86. Qc5+ Ke1 87. Qg1+ Ke2 88. Qa1 f4 89. Qa2+ Qd2 90. Qxa3 Kf1+ 91. Kh3 Qe3+ 0-1

[Event "NOR-ch 2018"]
[Site "Moss"]
[Date "2018.07.09"]
[Round "4"]
[White "Moen, Andreas G R"]
[Black "Mihajlov, Sebastian"]
[Result "1/2-1/2"]
[WhiteElo "2317"]
[BlackElo "2385"]
[Annotator "NA"]
[PlyCount "28"]
[EventDate "2018.07.06"]
[EventCountry "NOR"]
[SourceTitle "playchess.com"]
[Source "ChessBase"]
[SourceQuality "1"]

1. Nf3 Nf6 2. d4 g6 3. g3 Bg7 4. Bg2 O-O 5. O-O d6 6. c4 Nc6 7. Nc3 Bf5 8. b3 Ne4 9. Bb2 Nxc3 $11 {LiveBook: 110 Games} 10. Bxc3 Be4 11. Rc1 e5 12. dxe5 dxe5 13. Qxd8 Rfxd8 14. Rfd1 h6 1/2-1/2

[Event "NOR-ch 2018"]
[Site "Moss"]
[Date "2018.07.09"]
[Round "4"]
[White "Hobber, Anders"]
[Black "Elsness, Frode"]
[Result "0-1"]
[WhiteElo "2312"]
[BlackElo "2468"]
[Annotator "ChessBase"]
[PlyCount "94"]
[EventDate "2018.07.06"]
[EventCountry "NOR"]
[SourceTitle "playchess.com"]
[Source "ChessBase"]
[SourceQuality "1"]

1. d4 Nf6 2. Nf3 d5 3. Bf4 c5 4. e3 Nc6 5. Nbd2 cxd4 6. exd4 Bf5 7. c3 a6 8. Be2 e6 9. O-O Bd6 10. Bxd6 Qxd6 11. Re1 O-O 12. Nh4 Be4 13. f3 Bg6 14. Nxg6 hxg6 15. Bf1 g5 16. Nb3 Rfe8 17. h3 Re7 18. Qd2 Qg3 19. Qf2 Qf4 20. Nc5 Nh5 21. Rad1 Qc7 22. Qd2 Nf4 23. Nd3 Nxd3 24. Bxd3 Qf4 25. Qxf4 gxf4 26. Kf2 g6 27. g3 fxg3+ 28. Kxg3 Kg7 29. f4 Rh8 30. Rd2 Kf6 31. Rh2 Ree8 32. h4 Ne7 33. Reh1 Rh5 34. Be2 Nf5+ 35. Kg2 Rh6 36. h5 gxh5 37. Rxh5 Rg6+ 38. Rg5 Rxg5+ 39. fxg5+ Kxg5 40. Kf3 Nh4+ 41. Ke3 f5 42. Rg1+ Kf6 43. Kf2 Rh8 44. c4 Ng6 45. cxd5 Nf4 46. Bf1 Nxd5 47. Kf3 Rh4 0-1

[Event "NOR-ch 2018"]
[Site "Moss"]
[Date "2018.07.09"]
[Round "4"]
[White "Tallaksen, Levi Andre"]
[Black "Vestby-Ellingsen, Mads"]
[Result "1-0"]
[WhiteElo "2298"]
[BlackElo "2429"]
[Annotator "ChessBase"]
[PlyCount "99"]
[EventDate "2018.07.06"]
[EventCountry "NOR"]
[SourceTitle "playchess.com"]
[Source "ChessBase"]
[SourceQuality "1"]

1. d4 Nf6 2. c4 g6 3. Nc3 d5 4. cxd5 Nxd5 5. e4 Nxc3 6. bxc3 Bg7 7. Bc4 c5 8. Be3 O-O 9. Ne2 Nc6 10. O-O b6 11. dxc5 Qc7 12. cxb6 axb6 13. Bf4 e5 14. Be3 Na5 15. Bd5 Rb8 16. Qd3 Bd7 17. c4 Rfc8 18. Rfc1 Bf8 19. Rab1 Be8 20. h4 Bc5 21. Bh6 Bf8 22. Qd2 Bxh6 23. Qxh6 Qe7 24. Rc3 Bc6 25. h5 Bxd5 26. hxg6 fxg6 27. cxd5 Rxc3 28. Nxc3 Qa3 29. Qh3 Qe7 30. Nb5 Nb7 31. Na7 Ra8 32. Nc6 Qf6 33. Qe6+ Qxe6 34. dxe6 Nd8 35. Nxd8 Rxd8 36. Rxb6 Rd1+ 37. Kh2 Kf8 38. Rb5 Rd4 39. Rxe5 Ke7 40. f4 Ra4 41. f5 Ra8 42. g4 Kf6 43. Rd5 Rxa2+ 44. Kg3 Ra3+ 45. Kf2 gxf5 46. gxf5 h5 47. Rd7 Ra8 48. Rf7+ Ke5 49. e7 Kd6 50. f6 1-0

[Event "NOR-ch 2018"]
[Site "Moss"]
[Date "2018.07.09"]
[Round "4"]
[White "Al-Tarbosh, Ward"]
[Black "Eriksen, Terje"]
[Result "1-0"]
[WhiteElo "2283"]
[BlackElo "2119"]
[Annotator "NA"]
[PlyCount "99"]
[EventDate "2018.07.06"]
[EventCountry "NOR"]
[SourceTitle "playchess.com"]
[Source "ChessBase"]
[SourceQuality "1"]

1. e4 e6 2. d4 d5 3. exd5 exd5 4. Bd3 Bd6 5. Nc3 c6 6. Nge2 Bg4 7. f3 {C01: French: Exchange Variation} Bh5 8. Nf4 Bg6 9. Nxg6 (9. O-O Ne7 10. Nce2 Nd7 11. Nxg6 hxg6 12. Bf4 Qc7 13. Qd2 Nf8 14. Bxd6 Qxd6 {0-1 (63) Klein,D (2501)-Hambleton,A (2501) chess.com INT 2018}) 9... hxg6 10. Qe2+ Qe7 $146 ({Predecessor:} 10... Ne7 11. f4 Qc7 12. g3 Nd7 13. Be3 Bb4 14. Bd2 O-O-O {½-½ (46) Berndt,W (1835)-Gismann,J Dresden 2006}) 11. Bg5 Qxe2+ 12. Nxe2 Nd7 13. Kf2 Ngf6 14. c3 Nf8 15. b3 Ne6 16. Be3 Ke7 17. Rae1 Kd7 18. g3 a5 19. a4 Rae8 20. Rd1 Rc8 21. Rb1 Ra8 22. Nc1 Ke7 23. Bc2 Nd7 24. Nd3 g5 25. Kg2 f5 26. Rbe1 Kf7 27. Bc1 g6 28. Re2 Rae8 29. Rhe1 Kf6 30. Bxg5+ Kf7 31. Bd2 Nc7 32. c4 b6 33. Bb1 Rxe2+ 34. Rxe2 Ne6 35. Bc3 Be7 36. Ba2 Bf6 37. cxd5 cxd5 38. b4 Nxd4 39. Bxd5+ Kf8 40. Rf2 axb4 41. Bxb4+ Kg7 42. Nf4 Rc8 43. Rd2 Nc5 44. h4 Nxa4 45. h5 $14 ({Reject} 45. Rxd4 Bxd4 46. Ne6+ Kh8 $17) 45... Nc2 46. Be6 Rc7 47. Bd6 Rc3 48. Nxg6 Ne1+ 49. Kh3 Nxf3 50. Bf8+ 1-0

[Event "NOR-ch 2018"]
[Site "Moss"]
[Date "2018.07.09"]
[Round "4"]
[White "Vitenberg, Noam Aviv"]
[Black "Fossan, Aleksander"]
[Result "1-0"]
[WhiteElo "2220"]
[BlackElo "2164"]
[Annotator "NA"]
[PlyCount "55"]
[EventDate "2018.07.06"]
[EventCountry "NOR"]
[SourceTitle "playchess.com"]
[Source "ChessBase"]
[SourceQuality "1"]

1. d4 Nf6 2. c4 g6 3. f3 d5 4. cxd5 Nxd5 5. e4 Nb6 6. Nc3 Bg7 7. Be3 O-O 8. Qd2 Nc6 9. O-O-O e5 10. d5 Nd4 11. f4 c5 12. fxe5 {LiveBook: 41 Games} Bxe5 ({Besser ist} 12... Bg4 $14) 13. Nf3 Nxf3 14. gxf3 c4 $18 (14... f5 $14) 15. Be2 Bd7 16. f4 Bg7 17. h4 Na4 18. Bd4 Bxd4 19. Qxd4 Nxc3 20. Qxc3 Qe7 21. Bf3 b5 22. d6 Qd8 23. h5 b4 24. Qd4 Qb6 25. hxg6 fxg6 26. Qd5+ Kg7 27. Qe5+ Kg8 28. Rxh7 1-0

[Event "NOR-ch 2018"]
[Site "Moss"]
[Date "2018.07.09"]
[Round "4"]
[White "Moen, Ole Christian"]
[Black "Skotheim, Andreas"]
[Result "1-0"]
[WhiteElo "2201"]
[BlackElo "2109"]
[Annotator "NA"]
[PlyCount "101"]
[EventDate "2018.07.06"]
[EventCountry "NOR"]
[SourceTitle "playchess.com"]
[Source "ChessBase"]
[SourceQuality "1"]

1. e4 c5 2. Nf3 e6 3. d4 cxd4 4. Nxd4 Nc6 5. Be3 Nf6 6. Nc3 Qc7 7. Bd3 a6 8. O-O b5 9. Nxc6 dxc6 10. a4 {B48: Sicilian: Taimanov: 5 Nc3 Qc7 6 Be3 a6 without Be2} Bb7 11. Qf3 $146 ({Predecessor:} 11. Kh1 e5 12. f4 b4 13. Nb1 Bd6 14. f5 c5 15. Nd2 Rd8 16. Qe2 O-O {1-0 (52) Saltaev,M (2484)-Bosch,J (2450) Hertogenbosch 2003}) 11... Bd6 12. Qh3 b4 13. Nb1 $1 Be5 (13... h5 $11) 14. f4 Bxb2 15. Ra2 Bc3 16. Nxc3 bxc3 17. Ra3 c5 18. Rxc3 Bxe4 19. Rxc5 Qb7 20. Bd4 Rd8 21. c3 O-O 22. Rb1 Qa8 23. Rb6 Bxd3 24. Qxd3 Nd5 25. Qg3 e5 26. Bxe5 f6 27. Rd6 Rxd6 28. Bxd6 Rd8 29. c4 Rxd6 30. cxd5 Qb8 31. Qc3 Qb1+ 32. Kf2 Rb6 33. Rc8+ Kf7 {[#]} 34. Rc7+ $11 Kg8 35. Rc8+ Kf7 {[#]} 36. Qc7+ $1 $16 Kg6 37. Qc2+ Qxc2+ 38. Rxc2 Kf5 39. Ke3 Rb4 40. g4+ Kxg4 41. d6 Rb8 42. Ke4 f5+ 43. Ke5 Re8+ 44. Kd5 Rd8 45. Rg2+ Kxf4 46. Rxg7 h5 47. d7 Kf3 48. Ke6 f4 49. Ke7 Rxd7+ 50. Kxd7 Ke2 51. Rh7 1-0

[Event "NOR-ch 2018"]
[Site "Moss"]
[Date "2018.07.09"]
[Round "4"]
[White "Thanke, Bror"]
[Black "Nilsen, Tobias Lang"]
[Result "1/2-1/2"]
[WhiteElo "2190"]
[BlackElo "2117"]
[Annotator "NA"]
[PlyCount "108"]
[EventDate "2018.07.06"]
[EventCountry "NOR"]
[SourceTitle "playchess.com"]
[Source "ChessBase"]
[SourceQuality "1"]

1. e4 Nc6 2. d4 d5 3. e5 Bf5 4. Nf3 e6 5. c3 Nge7 6. Nbd2 Ng6 7. h4 h5 8. Nb3 Be7 9. g3 Qd7 10. Bd3 Nf8 11. Be3 Bg4 12. Nbd2 f6 13. Qc2 O-O-O 14. O-O-O fxe5 15. dxe5 d4 16. Bxd4 Nxd4 17. cxd4 Bxf3 18. Nxf3 Qd5 19. Qe2 Qxa2 20. Bc4 Qa5 21. Kb1 Kb8 22. Rd3 c6 23. Rb3 Ka8 24. Rc1 Rh6 25. Qe4 Rg6 26. Qf4 Qc7 27. Qf7 Qd7 28. Bd3 Rg4 29. Qxh5 Qd5 30. Qxg4 Qxb3 31. Bc4 Qb6 32. Qxg7 Ba3 33. Rc2 c5 34. Bd3 cxd4 35. Nd2 Bb4 36. Nc4 Qc6 37. Nd6 Qb6 38. Nc8 Qa5 39. Be4 Rd7 40. Nd6 Bxd6 41. Qxf8+ Bb8 42. Qf3 Bxe5 43. h5 a6 44. Qd3 Ka7 45. f4 Bg7 46. Rc1 Qxh5 47. Qc4 Qb5 48. Qxb5 axb5 49. Bd3 Kb6 50. Rh1 Kc5 51. Rh5+ Rd5 52. Rh7 Rd7 53. Rh5+ Rd5 54. Rh7 Rd7 1/2-1/2

[Event "NOR-ch 2018"]
[Site "Moss"]
[Date "2018.07.09"]
[Round "4"]
[White "Nielsen, Andre"]
[Black "Risting, Eivind Olav"]
[Result "0-1"]
[WhiteElo "2178"]
[BlackElo "2317"]
[Annotator "NA"]
[PlyCount "124"]
[EventDate "2018.07.06"]
[EventCountry "NOR"]
[SourceTitle "playchess.com"]
[Source "ChessBase"]
[SourceQuality "1"]

1. e4 c6 2. d4 d5 3. Nc3 dxe4 4. Nxe4 Bf5 5. Ng3 Bg6 6. h4 h6 7. Nf3 Nd7 8. h5 Bh7 9. Bd3 Bxd3 10. Qxd3 e6 11. Bd2 Ngf6 12. O-O-O Be7 13. Ne4 Nxe4 14. Qxe4 Nf6 15. Qe2 Qd5 16. c4 Qe4 17. Qxe4 {B19: Caro-Kann (Hauptvariante)} Nxe4 18. Be3 f5 19. Nd2 Nf6 {[#]} 20. Bf4 $146 ({Vorgänger:} 20. Nf3 Bd6 {½-½ (20) Harikrishna,P (2740)-Berkes,F (2659) Kocaeli 2015}) 20... Rd8 21. Nf3 Ne4 22. Rhf1 Bg5 23. Nxg5 (23. g3 $11) 23... hxg5 24. Be5 Kf7 25. f3 Nd6 26. c5 Nc4 27. Rh1 Rd5 28. Bc7 Ne3 29. Rd2 f4 30. g3 Nf5 31. gxf4 gxf4 32. Bxf4 Nxd4 33. Be3 Nf5 34. Bf2 Kf6 35. f4 g6 36. Re2 Rxh5 37. Rhe1 Ng7 38. Re4 Kf7 39. Rb4 Rd7 40. Bd4 Rhd5 41. Bf2 Nf5 42. Rbe4 Rd2 43. R1e2 Rxe2 44. Rxe2 Rd5 45. b4 Rd3 46. Re4 Kf6 47. Be1 $19 (47. a4 $17 {might work better.}) 47... Re3 48. Re5 Rxe5 49. Bc3 g5 50. fxg5+ Kxg5 51. Bxe5 Ne3 52. Bb8 a6 53. Kd2 Nd5 54. a3 Kf5 55. Kd3 e5 56. Kc4 Ke4 57. a4 Ne3+ 58. Kc3 Kd5 59. b5 Nc4 60. bxc6 bxc6 61. Ba7 Na5 62. Kd3 Nb7 0-1

[Event "NOR-ch 2018"]
[Site "Moss"]
[Date "2018.07.09"]
[Round "4"]
[White "Ingebretsen, Jens E"]
[Black "Ranaldi, Lucas"]
[Result "0-1"]
[WhiteElo "2138"]
[BlackElo "2289"]
[Annotator "NA"]
[PlyCount "34"]
[EventDate "2018.07.06"]
[EventCountry "NOR"]
[SourceTitle "playchess.com"]
[Source "ChessBase"]
[SourceQuality "1"]

1. e4 c6 2. d4 d5 3. e5 Bf5 4. g4 Be4 5. f3 Bg6 6. e6 Qd6 7. exf7+ Bxf7 8. f4 h5 9. g5 e6 10. Nf3 Nd7 11. Nc3 Ne7 12. Bh3 Bg6 13. Nh4 Bf5 14. Nxf5 exf5 15. Qd3 g6 16. Be3 Bg7 17. Kf2 O-O 0-1

[Event "NOR-ch 2018"]
[Site "Moss"]
[Date "2018.07.09"]
[Round "4"]
[White "Sjoberg, Isak"]
[Black "Solberg, Joachim"]
[Result "1/2-1/2"]
[WhiteElo "2121"]
[BlackElo "2263"]
[Annotator "NA"]
[PlyCount "30"]
[EventDate "2018.07.06"]
[EventCountry "NOR"]
[SourceTitle "playchess.com"]
[Source "ChessBase"]
[SourceQuality "1"]

1. e4 e5 2. Nf3 Nc6 3. Bc4 Bc5 4. c3 Nf6 5. d3 a6 6. a4 d6 7. O-O O-O 8. h3 h6 9. Re1 Ba7 10. Bb3 Ne7 11. Nbd2 $14 {LiveBook: 9 Games} Ng6 12. Nf1 Be6 13. Ng3 Re8 14. d4 c6 15. a5 Rb8 1/2-1/2

[Event "NOR-ch 2018"]
[Site "Moss"]
[Date "2018.07.09"]
[Round "4"]
[White "Grundekjøn, Christian"]
[Black "Andersen, Alf Roger"]
[Result "0-1"]
[WhiteElo "2100"]
[BlackElo "2180"]
[Annotator "NA"]
[PlyCount "88"]
[EventDate "2018.07.06"]
[EventCountry "NOR"]
[SourceTitle "playchess.com"]
[Source "ChessBase"]
[SourceQuality "1"]

1. b3 Nf6 2. Bb2 e6 3. e3 b6 4. f4 Bb7 5. Nf3 Be7 6. Be2 c5 7. O-O O-O 8. a4 Nc6 9. Ne5 d6 10. Nxc6 Bxc6 11. Bf3 Rc8 12. Bxc6 Rxc6 13. Qf3 d5 14. d3 Nd7 15. c4 Bf6 16. Nc3 Bxc3 17. Bxc3 Rd6 18. Qg3 f6 19. cxd5 exd5 20. f5 Nb8 21. Rf4 Nc6 22. Rg4 Rf7 23. Re1 Re7 24. Bb2 Ne5 25. Bxe5 fxe5 26. Rf1 Rf6 27. Rh4 Qd7 28. Qh3 h6 29. g4 Ref7 30. g5 Rxf5 31. Rxf5 Qxf5 32. Qxf5 Rxf5 33. gxh6 gxh6 34. Rxh6 Rf3 35. Rg6+ Kf7 36. Rg3 Rxg3+ 37. hxg3 Kf6 38. Kf2 Kf5 39. d4 cxd4 40. exd4 e4 41. Kg2 Kg4 42. b4 a5 43. bxa5 bxa5 44. Kf2 Kh3 0-1